Statistics for Broad General Knowledge

Click here to take the quiz!

General Stats

  • This quiz has been taken 58 times
  • The average score is 7 of 15

Answer Stats

HintAnswer% Correct
Capital city of CanadaOttawa
92%
Which country is known for its lemurs?Madagascar
85%
Name of the 2nd highest mountain in the worldK2
83%
The river that flows through BudapestDanube
81%
City where the Titanic was builtBelfast
62%
Assam is known for tea. In what country is Assam?India
58%
Aborigine name for Ayers RockUluru
54%
What is a flooded coastal valley in Norwayfjord
50%
Considered the driest desert in the worldAtacama
40%
Which country used to claim Hawaii as one of its possessions?United Kingdom
37%
In what country was Orange Free State located?South Africa
33%
Capital of the Falkland IslandsPort Stanley
21%
River in Scotland known for whisky distilleriesSpey
8%
The original purpose of the Eiffel TowerWorld's Fair
6%
In the TV series "Shogun", the lead character is referred to as "Anjin". What does Anjin mean?Pilot
2%

Score Distribution

Percentile by Number Answered

Percent of People with Each Score

Your Score History

You have not taken this quiz